Name A Megacity A-Z - Statistics

General Stats
  • This quiz has been taken 106 times
  • The average score is 15 of 19
Answer Stats
Letter Megacity % Correct
B Bangkok | Beijing | Bengaluru | Bogotá | Buenos Aires
97%
M Manila | Mexico City | Moscow | Mumbai
97%
L Lahore | Lagos | Lima | London | Los Angeles
95%
T Taipei | Tehran | Tianjin | Tokyo
95%
S São Paulo | Seoul | Shanghai
94%
J Jakarta | Johannesburg
93%
C Cairo | Changsha | Chengdu | Chennai | Chongqing
85%
K Karachi | Kinshasa | Kolkata
85%
N Nagoya | New York City
85%
P Paris
85%
D Delhi | Dhaka
83%
X Xiamen | Xi'an
78%
G Guangzhou
73%
O Osaka
73%
H Hangzhou | Ho Chi Minh City | Hyderabad
71%
W Wuhan
71%
R Rio de Janeiro
67%
I Istanbul
63%
Z Zhengzhou
33%
No matching quizzes found
Score Distribution
Percent of People with Each Score
Percentile by Number Answered
Your Score History
You have not taken this quiz